|
|
|
|
| LEADER |
00885nam a2200217 a 4500 |
| 001 |
11897170 |
| 008 |
091020s1997 bg 000 0 eng d |
| 010 |
|
|
|a \\\99945441
|
| 040 |
|
|
|a DLC
|c DLC
|d DLC
|
| 082 |
0 |
0 |
|a 342.5492/02
|2 21
|
| 100 |
1 |
|
|a Shamsul Huda, A. K. M.
|
| 245 |
1 |
4 |
|a The constitution of Bangladesh /
|c A.K.M. Shamsul Huda.
|
| 260 |
|
|
|a Chittagong :
|b Rita Court,
|c 1997.
|
| 300 |
|
|
|a xlxvi, 554 p. ;
|c 23 cm.
|
| 362 |
0 |
|
|a Vol. 1
|
| 541 |
1 |
|
|e 00010180
|
| 520 |
|
|
|a On the constitution of Bangladesh; includes original articles.
|
| 650 |
|
0 |
|a Constitutional law
|z Bangladesh.
|
| 852 |
4 |
|
|a Ayesha Abed Library
|j General shelf
|
| 999 |
|
|
|c 4774
|d 4774
|
| 952 |
|
|
|0 0
|1 0
|2 ddc
|4 0
|6 342_549202000000000_SHA_1997
|7 0
|9 4584
|a BRACUL
|b BRACUL
|c GEN
|d 2009-10-22
|g 0.00
|l 27
|m 172
|o 342.549202 SHA
|p 3010010180
|q 2026-04-07
|r 2026-02-03
|s 2026-02-03
|t 1
|w 2009-10-22
|y BK
|x No price found in the accession register.
|